Pasión de la tierra

Guardat en:
Dades bibliogràfiques
Autor principal: Aleixandre y Merlo, Vicente (Autor)
Format: Llibre
Idioma:espanyol
Publicat: Madrid Narcea 1977
Matèries:
Etiquetes: Afegir etiqueta
Sense etiquetes, Sigues el primer a etiquetar aquest registre!

MARC

LEADER 00000nam a2200000 a 4500
001 UCQ5233
003 CL-VaPUC
008 980925e19770000SP |||||||||||||||||spa|d
082 0 4 |a 861  |b ALE  |2 21 
100 0 |a Aleixandre y Merlo, Vicente  |e author  |9 419385 
245 1 0 |a Pasión de la tierra 
300 |a 221 p 
942 |c BK 
945 |d 19980925 00:00:00  |a crobeson 
260 |a Madrid  |b Narcea  |c 1977 
650 0 |a Poesías españolas  |9 265100 
650 0 |a Literatura española  |9 306261 
583 |a last modification  |c 20190719 04:47:46  |k Rodrigo Vera 
999 |c 275448  |d 275446 
952 |0 0  |1 0  |4 0  |6 861_000000000000000_ALE_1977  |7 0  |8 A  |9 312191  |a BIBEDU  |b BIBEDU  |d 2019-11-20  |i 1469398  |o 861 ALE 1977  |p 1469398  |r 2019-11-20  |w 2019-11-20  |y BK  |k LIT